000 00836nam a22002777a 4500
001 BR0903904
003 BR-BrBNA
005 20230928103054.0
007 ta
008 230509b bl.||||| |||| 00| 0 por d
040 _aBR-BrBNA
_bpor
_cBiblioteca Nacional de Agricultura
041 _a(Por)
072 _aF30
_b0210
090 _ 0210 BR0903904
100 1 _aPeixouto, L.S.
110 1 _aUniversidade Federal de Lavras, MG (Brasil)
_0Tese (Mestrado)
245 1 _aSeleção de famílias vs. seleção clonal nas fases iniciais do melhoramento da batata
260 3 _aLavras, MG (Brasil):
_c2009.
300 _a86 p.
500 _aSummaries (Eng, Por); Bibliography p. 54-63; 12 tables
650 _aBATATA
650 _aSELEÇÃO
650 _aCRUZAMENTO VEGETAL
909 _a202309
_bLucia
_c55
_dLucia Elande
942 _cBK
999 _c73594
_d73594